1415 1091 1623 1669 1416 1103 1694 1268 1634 1214 1072 1058 1518 1509 1110 1451 1825 1778 1911 1067 1230 1224 1906 1969 1243 1579 1733 1449 1917 1559 1917 1552 1553 1189 1777 1791 1427 1932 1507 1873 1082 1066 1088 1066 1474 1031 1636 1133 1914 1653 1578 1697 1457 1337 1528 1715 1662 1426 1297 1756 1118 1163 1371 1943 1619 1975 1037 1201 1300 1459 1749 1440 1956 1160 1359 1024 1703 1231 1485 1359 1769 1300 1005 1301 1039 1134 1935 1199 1440 1142 1275 1276 1356 1052 1681 1945 1745 1256 1746 BCNSPRNW ULIB Ver.6.0+V

เปลี่ยนเป็นภาษาไทย

Change to English
 แสดงรายละเอียดบรรณานุกรม
  กลับหน้าหลัก

Brief Record : Get Marc (ISO 2709) : E-mail record : QR code < ปิดหน้าต่าง
LEADER : 00000nam 2200000uu 4500
001    13399114343
003     ULIB
008    120323s2552||||th 000 0 tha d
020    ^a9786117190100
090    ^aนว.^bศ441ส 2552
100 0  ^aศิรวัศยา
245 00 ^aสวรรค์สายสวาท/^cศิรวัศยา
250    ^aพิมพ์ครั้งที่ 1
260    ^aกรุงเทพฯ :^bอินเลิฟ,^c2552
300    ^a221 หน้า
710 1  ^aอินเลิฟ
945    ^p0^l0^i15909
995    ^aกัณชพร
999    ^aใช้งานได้ทุกระบบ
รายการนี้ยังไม่มีแท็ก
คุณยังไม่ได้ล็อกอิน คุณสามารถมีกิจกรรมร่วมกับเว็บไซต์ได้ แต่ต้องล็อกอินก่อน ::
  ล็อกอิน

รายการสื่อสารสนเทศ

ลำดับที่ ประเภท เลขเรียก/บาร์โค้ด สถานที่ สถานะ
1. นวนิยาย
นวนิยาย
นว. ศ441ส 2552  
  Barcode: 15909
ห้องสมุดวิทยาเขตสวรรค์ประชารักษ์
►นวนิยาย
บนชั้น
  ขอยืม

BibComment


ยังไม่เคยถูกคอมเมนท์

คอมเมนท์ทรัพยากรรายการนี้
  คอมเมนท์: สวรรค์สายสวาท ศิ..


 Copyright 2026. Bcnsprnw @Library